000 00280nam a2200097Ia 4500
001 689266
005 20250826161631.0
008 250824s9999 xx 000 0 und d
245 0 _aBÜYÜK UMUTLAR (ANTİK DÜNYA KLASİKLERİ)
_cCHARLES DİCKENS
260 _bANTİK DÜNYA KLASİKLERİ
999 _c689266
_d689266